000 00604nam a2200193Ia 4500
005 20260601193222.0
008 260601s9999||||xx |||||||||||||| ||und||
020 _a978-3-031-49252-5
_qebk
100 _aJan Kofro?
245 0 _aEngineering of Computer-Based Systems
250 _a1st ed. 2024
260 _aHeidelberg, Germany
_bSpringer Nature
_c2024
440 _aLecture Notes in Computer Science
650 _aComputer Science
700 _aCristina Seceleanu
700 _aTiziana Margaria
856 _uhttps://link.springer.com/openurl?genre=book&isbn=978-3-031-49252-5
942 _cEB
_2ddc
999 _c55833
_d55833